000
00332nam a2200133Ia 4500
008
230312s9999||||xx |||||||||||||| ||und||
082
_a
891.4
_b
TAH-A
100
_a
طاہر وزیر آبادی
245
0
_a
اساں مرنا نا ھیں ـ!
260
_b
Zameer
_a
pak
_c
2008
300
_a
127
650
_a
Literature
942
_c
BK
999
_c
15033
_d
15033